Trouve le joueur 🇧🇪⚽️ - Statistiques

Statistiques générales
  • Ce quiz a été pris 79 fois
  • Le résultat moyen est 22 sur 30
Statistiques - réponses
Par images Réponse % Correct
Courtois
100%
De Bruyne
100%
Hazard
100%
Hazard
100%
Hazard
100%
Lukaku
97%
Witsel
96%
Meunier
95%
Vertonghen
92%
Doku
91%
Mertens
91%
Carrasco
89%
Fellaini
88%
Trossard
81%
Denayer
78%
Nainggolan
74%
Fofana
73%
Mignolet
73%
Alderweireld
69%
Batshuayi
68%
De Ketelaere
62%
Januzaj
59%
Lukebakio
53%
Vermaelen
53%
Chadli
47%
Castagne
41%
De Cuyper
35%
De Smet
27%
Boyata
18%
Ceulemans
3%
Aucun quiz correspondant
Distribution des résultats
% des personnes avec chaque résultat
Percentile par nombre de réponses
Votre historique - résultats
Vous n’avez pas pris ce quiz